[Event "Tromsoe Bjornsens Forste tt"]
[Site "Tromsoe"]
[Date "2006.04.23"]
[Round "5"]
[White "Olsen, Havard"]
[Black "Skarding, Joakim"]
[Result "1-0"]
[WhiteElo "1244"]
[BlackElo "999"]
[PlyCount "83"]
[EventDate "2006.04.21"]
[EventType "team"]
[EventRounds "5"]
[EventCountry "NOR"]
[SourceTitle "EXT 2008"]
[Source "ChessBase"]
[SourceDate "2007.11.25"]
[SourceVersion "1"]
[SourceVersionDate "2007.11.25"]
[SourceQuality "1"]

1. e4 c5 2. Nf3 d6 3. d4 cxd4 4. Nxd4 Nf6 5. Nc3 a6 6. f3 e6 7. Be3 b5 8. Qd2 Be7 9. Nb3 0-0 10. 0-0-0 Nbd7 11. g4 Bb7 12. h4 b4 13. Na4 d5 14. Nac5 Rb8 15. Nxb7 Rxb7 16. Bxa6 Rb8 17. g5 Nh5 18. exd5 exd5 19. Qxd5 Nb6 20. Qxd8 Rfxd8 21. Rxd8+ Bxd8 22. Re1 f6 23. Bc5 Kf7 24. Bb5 g6 25. Re8 fxg5 26. Be7 Bc7 27. Rxb8 Bxb8 28. Bxg5 Kg7 29. Be7 Nd5 30. Bc5 Nhf4 31. Nd4 Be5 32. Nc6 Bf6 33. Nxb4 Nxb4 34. Bxb4 Bxh4 35. a4 h5 36. a5 Bg5 37. a6 Nd5+ 38. Bd2 Bxd2+ 39. Kxd2 Nb6 40. a7 h4 41. Bc6 g5 42. Ke2 1-0

[Event "Tromsoe Bjornsens Forste tt"]
[Site "Tromsoe"]
[Date "2006.04.22"]
[Round "2"]
[White "Skarding, Joakim"]
[Black "Stromsmo, May Helen"]
[Result "1-0"]
[WhiteElo "999"]
[BlackElo "622"]
[PlyCount "97"]
[EventDate "2006.04.21"]
[EventType "team"]
[EventRounds "5"]
[EventCountry "NOR"]
[SourceTitle "EXT 2008"]
[Source "ChessBase"]
[SourceDate "2007.11.25"]
[SourceVersion "1"]
[SourceVersionDate "2007.11.25"]
[SourceQuality "1"]

1. c4 e5 2. g3 Nf6 3. Bg2 Bc5 4. Nc3 c6 5. e3 d5 6. d4 exd4 7. exd4 Bb4 8. cxd5 Nxd5 9. Nge2 Be6 10. 0-0 Nxc3 11. Nxc3 Bxc3 12. bxc3 Bd5 13. Re1+ Kf8 14. Ba3+ Kg8 15. Qe2 Na6 16. f3 Qd7 17. Rab1 Nc7 18. Rxb7 Re8 19. Qxe8+ Qxe8 20. Rxe8+ Nxe8 21. Rb8 g6 22. Rxe8+ Kg7 23. Rxh8 Kxh8 24. Kf2 Kg7 25. Bc5 a5 26. a3 f5 27. g4 Kf6 28. gxf5 Kxf5 29. Bh3+ Kf4 30. Bd6+ Kg5 31. Kg3 h5 32. Be7+ Kh6 33. Kf4 Bc4 34. Bf8+ Kh7 35. Bd7 Bd5 36. Be8 h4 37. Kg5 h3 38. Bxg6+ Kg8 39. Bh6 c5 40. dxc5 Bxf3 41. Bf5 Bg2 42. Kg6 Bd5 43. Bxh3 a4 44. Bf5 Bf7+ 45. Kf6 Bg6 46. Kxg6 Kh8 47. c6 Kg8 48. Be6+ Kh8 49. Bg7# 1-0

[Event "NOR-chT north"]
[Site "Harstad"]
[Date "2006.01.29"]
[Round "4"]
[White "Hanssen, Gunnar Berg"]
[Black "Skarding, Joakim"]
[Result "1-0"]
[WhiteElo "2131"]
[BlackElo "999"]
[PlyCount "57"]
[EventDate "2006.01.27"]
[EventType "team"]
[EventRounds "5"]
[EventCountry "NOR"]
[SourceTitle "EXT 2008"]
[Source "ChessBase"]
[SourceDate "2007.11.25"]
[SourceVersion "1"]
[SourceVersionDate "2007.11.25"]
[SourceQuality "1"]

1. Nf3 d5 2. d4 Bf5 3. c4 e6 4. Nc3 Nf6 5. Qb3 b6 6. g3 c5 7. Bg2 Be4 8. cxd5 Bxd5 9. Nxd5 exd5 10. Bg5 c4 11. Qe3+ Be7 12. Bxf6 gxf6 13. Nh4 Nc6 14. Nf5 Qd7 15. Bh3 Kd8 16. 0-0 Qc7 17. b3 b5 18. a4 Qb7 19. axb5 Qxb5 20. bxc4 Qxc4 21. Rfc1 Qb5 22. Rxc6 Re8 23. Rac1 Bf8 24. Qf4 Qb8 25. Nd6 Bxd6 26. Rxd6+ Ke7 27. Qxf6+ Kf8 28. Qh8+ Ke7 29. Rd7# 1-0